000 00553nam a22001937a 4500
999 _c6698
_d6698
003 OSt
005 20200302164751.0
008 200302b ||||| |||| 00| 0 eng d
020 _a0415221005
040 _cDDC
082 _a153COG 2006.
100 _aKolak,Daniel;Hirstein,Mandik;[et....al]
_913760
245 _aCongnitive science:An introduction to Mind and Brain.
260 _aLondon,
_bRoutledge;
_c2006.
300 _aix,243p;
_bill;
_c26cm.
504 _areferences and index are included.
650 _aPsychology.
_931
942 _2ddc
_cO_SHELF